| 000 | 00692nam a2200217 a 4500 | ||
|---|---|---|---|
| 001 | 34230 | ||
| 003 | BD-RjUL | ||
| 005 | 20211209052126.0 | ||
| 008 | 140514r19511914enk b 1 0 d | ||
| 035 | _a(BD-RjUL)34324 | ||
| 040 |
_aXNLS _beng _cXNLS _dBD-RjUL |
||
| 041 | _aeng | ||
| 082 | 0 | 4 |
_a304.60941 _bMAE V-2 1951 |
| 100 | 1 |
_aMalthus, T. R. _q(Thomas Robert), _d1766-1834. _912756 |
|
| 245 | 1 | 3 |
_aAn essay on population / _cT. R. Malthus. _nVolume Two |
| 260 |
_aLondon ; _aNew York : _bDent, _c1914 [reprinted 1951]. |
||
| 300 |
_a284 p. ; _c18 cm. |
||
| 504 | _aIncludes bibliographical references and index. | ||
| 651 | 0 |
_aGreat Britain _xPopulation _xHistory. _9104049 |
|
| 942 |
_2ddc _cBK |
||
| 999 |
_c34230 _d34230 |
||